The Toyota way : (Record no. 1797)
| 000 -BAŞLIK | |
|---|---|
| Sabit Uzunluktaki Kontrol Alanı | 01167nam a22003377a 4500 |
| 001 - KONTROL NUMARASI | |
| Control Dosyası | 0001810 |
| 003 - KONTROL NUMARASI KİMLİĞİ | |
| Kontrol Alanı | KOHA_MİRAKIL |
| 005 - EN SON İŞLEM TARİHİ ve ZAMANI | |
| Kontrol Alanı | 20260207001253.0 |
| 007 - FİZİKSEL TANIM SABİT ALAN - GENEL BİLGİ | |
| Sabit uzunluklu kontrol alanı | ta |
| 008 - SABİT UZUNLUKTAKİ VERİ ÖGELERİ - GENEL BİLGİ | |
| Sabit Alan | 090217b2004 us |||gr||||#||||0|eng | |
| 020 ## - ISBN - ULUSLARARASI STANDART KİTAP NUMARASI | |
| Isbn | 0071392319 |
| Nitelik bilgileri | |
| Kullanılabilirlik koşulları | 47,151000000000003 |
| 040 ## - KATALOGLAMA KAYNAĞI | |
| Özgün Kataloglama Kurumu | TR-BiSEU |
| Kataloglama Dili | tur |
| Çeviri Kurumu | TR-BiSEU |
| Açıklama Kuralları | rda |
| 041 0# - DİL KODU | |
| Metin ya da ses kaydının dil kodu | eng |
| 044 ## - YAYINLAYAN/ÜRETEN KURULUŞUN ÜLKE KODU | |
| ISO country code | us |
| 050 ## - SINIFLAMA ve YER NUMARASI | |
| Sınıflama Numarası | TL278 |
| Yer Numarası | .L55 2004 |
| 100 1# - KİŞİ ADI | |
| Yazar Adı (Kişi adı) | Liker, Jeffrey K. . |
| 245 14 - ESER ADI BİLDİRİMİ | |
| Başlık | The Toyota way : |
| Alt Eseradı vb. | 14 management principles from the world's greatest manufacturer/ |
| Sorumluluk Bildirimi | Jeffrey K. Liker ; Jeffrey K. Liker. |
| 264 #1 - ÜRERİM, YAYIN, DAĞITIM ve TELİF BİLDİRİMİ | |
| Yayın yeri | New York : |
| Yayınlayan | McGraw-Hill |
| Yayın tarihi | 2004 |
| 300 ## - FİZİKSEL TANIMLAMA | |
| Sayfa, Cilt vb. | xxii, 330 sayfa: resimli |
| 336 ## - İÇERİK TÜRÜ | |
| Content type term | metin |
| Content type code | txt |
| Source | rdacontent |
| 337 ## - MEDYA TÜRÜ | |
| Media type term | aracısız |
| Media type code | n |
| Source | rdamedia |
| 338 ## - TAŞIYICI TÜRÜ | |
| Carrier type term | cilt |
| Carrier type code | nc |
| Source | rdacarrier |
| 500 ## - GENEL NOT | |
| Genel Not | "The company that invented lean production"--Jacket. |
| 500 ## - GENEL NOT | |
| Genel Not | Includes bibliographical references and index. |
| 650 #0 - KONU BAŞLIĞI EK GİRİŞ - KONU TERİMİ | |
| Konusal terim veya coğrafi ad | Toyota Jidōsha Kōgyō Kabushiki Kaisha. |
| 9 (RLIN) | 5432 |
| 650 #0 - KONU BAŞLIĞI EK GİRİŞ - KONU TERİMİ | |
| Konusal terim veya coğrafi ad | Production management--Case studies. |
| 9 (RLIN) | 5433 |
| 650 #0 - KONU BAŞLIĞI EK GİRİŞ - KONU TERİMİ | |
| Konusal terim veya coğrafi ad | Industrial productivity. |
| 9 (RLIN) | 5434 |
| 650 #0 - KONU BAŞLIĞI EK GİRİŞ - KONU TERİMİ | |
| Konusal terim veya coğrafi ad | Corporate culture--History. |
| 9 (RLIN) | 5435 |
| 650 #0 - KONU BAŞLIĞI EK GİRİŞ - KONU TERİMİ | |
| Konusal terim veya coğrafi ad | Industrial management. |
| 9 (RLIN) | 4786 |
| 942 ## - EK GİRİŞ ÖGELERİ (KOHA) | |
| Source of classification or shelving scheme | Library of Congress Classification |
| Koha item type | Book |
| Materyal Türü | Kalıcı Konum | Mevcut Konum | Raf Yeri | Sınıflandırma Kaynağı | Edinim Bilgisi | Ana Konular | Alt Konular | Yer Numarası | Demirbaş Numarası | Fatura Tarihi | Maliyet, Alış Fiyatı | Maliyet, Yenileme Fiyatı | Geri Çekilme Durumu | Kayıp Durumu | Hasarlı Durumu | Kredi için değil | Kayıt Tarih | Toplam Ödünçverme | Son Görülme Tarihi | Son Kontrol Tarihi |
|---|---|---|---|---|---|---|---|---|---|---|---|---|---|---|---|---|---|---|---|---|
| Book | Prof. Dr. Azmi Özcan Kütüphanesi | Prof. Dr. Azmi Özcan Kütüphanesi | Birûni Salonu | Library of Congress Classification | Satın | TEKNOLOJİ | Motorlu Araçlar, Havacılık, Uzay | TL278 .L55 2004 | 0001810 | 12/12/2008 | 50.92 | 50.92 | 17/02/2009 | 3 | 05/12/2024 | 05/12/2024 |
